Flute - Instrument Quiz - Statistics

General Stats
  • This quiz has been taken 265 times
  • The average score is 8 of 14
Answer Stats
Hint Answer % Correct
What family of instruments does the flute belong to? Woodwind
99%
What is the name of a person who plays the flute? Flutist
92%
How is the flute different to the instruments in the group above? It has no... Reed
92%
How many full octaves can be played on a flute? Three
90%
Apart from the standard flute, name one other member of the concert flute family. Piccolo/ Treble Flute/ Soprano Flute/ Flute D'amour (Tenor Flute)/ Alto Flute/ Bass Flute/ Contra-alto Flute/ Contrabass Flute/ Subcontrabass Flute/ Double Contrabass Flute/ Hyperbass Flute
82%
Concert flutes are made up of three parts, what are their names? Head Joint
73%
Body
69%
Which variation of flute is the most commonly played in traditional orchestras? C Flute
66%
Foot Joint
60%
Which Hindu God is considered the master of the bamboo flute? Krishna
25%
What is the term given for fully covered finger keys? Closed-hole
19%
What is a zampoña? Pan Flute
16%
Who is primarily responsible for the structure of the modern concert flute? Theobald Boehm
15%
In which year did the above patent his new system? 1847
10%
No matching quizzes found
Score Distribution
Percent of People with Each Score
Percentile by Number Answered
Your Score History
You have not taken this quiz